[Event "DEM U16 2017"]
[Site "Willingen GER"]
[Date "2017.06.10"]
[Round "9"]
[White "Woithe, Daniel"]
[Black "Lange, Jannis"]
[Result "0-1"]
[Termination "normal"]
[Board "12"]
[WhiteElo "1745"]
[BlackElo "1843"]
[WhiteClock "00:09:26"]
[BlackClock "00:08:19"]
[PlyCount "74"]
[WhiteFideId "16244648"]
[BlackFideId "12993107"]
[EventCountry "GER"]
[EventRounds "9"]
[EventType "swiss"]
[EventDate "2017.06.03"]

1. e4 {[%clk 1:30:57]} 1... c5 {[%clk 1:30:50]} 2. c3 {[%clk 1:31:13]} 2... Nf6
{[%clk 1:31:02]} 3. e5 {[%clk 1:31:35]} 3... Nd5 {[%clk 1:31:26]} 4. Nf3 {
[%clk 1:31:55]} 4... Nc6 {[%clk 1:31:23]} 5. d4 {[%clk 1:32:11]} 5... cxd4 {
[%clk 1:31:28]} 6. cxd4 {[%clk 1:32:22]} 6... d6 {[%clk 1:30:15]} 7. Bc4 {
[%clk 1:30:46]} 7... Nb6 {[%clk 1:30:11]} 8. Bb3 {[%clk 1:31:09]} 8... d5 {
[%clk 1:21:09]} 9. O-O {[%clk 1:30:06]} 9... Bg4 {[%clk 1:21:01]} 10. Be3 {
[%clk 1:30:08]} 10... e6 {[%clk 1:20:34]} 11. h3 {[%clk 1:28:45]} 11... Bh5 {
[%clk 1:20:02]} 12. Nbd2 {[%clk 1:22:48]} 12... Be7 {[%clk 1:16:35]} 13. a3 {
[%clk 1:21:25]} 13... O-O {[%clk 1:15:46]} 14. g4 {[%clk 1:13:06]} 14... Bg6 {
[%clk 1:12:41]} 15. Nh2 {[%clk 1:12:54]} 15... Na5 {[%clk 0:54:44]} 16. f4 {
[%clk 0:59:36]} 16... Nxb3 {[%clk 0:52:18]} 17. Qxb3 {[%clk 0:58:59]} 17... Qd7
{[%clk 0:51:51]} 18. Rac1 {[%clk 0:56:27]} 18... Rac8 {[%clk 0:50:05]} 19. Nhf3
{[%clk 0:23:16]} 19... Rc6 {[%clk 0:45:16]} 20. Rc3 {[%clk 0:20:04]} 20... Rxc3
{[%clk 0:42:10]} 21. bxc3 {[%clk 0:20:20]} 21... Bd3 {[%clk 0:40:23]} 22. Rc1 {
[%clk 0:19:51]} 22... Nc4 {[%clk 0:39:49]} 23. Nxc4 {[%clk 0:20:03]} 23... Bxc4
{[%clk 0:39:40]} 24. Qb2 {[%clk 0:19:55]} 24... Rc8 {[%clk 0:38:27]} 25. Nd2 {
[%clk 0:18:48]} 25... Bd3 {[%clk 0:37:39]} 26. Nb3 {[%clk 0:17:42]} 26... b6 {
[%clk 0:37:36]} 27. Nd2 {[%clk 0:16:57]} 27... Qa4 {[%clk 0:34:36]} 28. Nb1 {
[%clk 0:14:06]} 28... Bxb1 {[%clk 0:16:20]} 29. Qxb1 {[%clk 0:13:15]} 29...
Qxa3 {[%clk 0:14:33]} 30. Qd3 {[%clk 0:12:21]} 30... Qa4 {[%clk 0:12:43]} 31.
f5 {[%clk 0:12:16]} 31... Qc4 {[%clk 0:12:43]} 32. Qd2 {[%clk 0:11:46]} 32...
Ba3 {[%clk 0:09:01]} 33. Rc2 {[%clk 0:10:03]} 33... b5 {[%clk 0:08:56]} 34. f6
{[%clk 0:09:26]} 34... b4 {[%clk 0:08:19]} 35. Bf2 b3 36. Qg5 g6 37. Qh6 Bf8
0-1

[Event "DEM U16 2017"]
[Site "Willingen GER"]
[Date "2017.06.10"]
[Round "9"]
[White "Heldt, Nils-Lennart"]
[Black "Recktenwald, Cedric"]
[Result "1/2-1/2"]
[Termination "normal"]
[Board "13"]
[WhiteElo "2135"]
[BlackElo "1788"]
[WhiteClock "01:11:16"]
[BlackClock "00:35:07"]
[PlyCount "49"]
[WhiteFideId "12952109"]
[BlackFideId "12971928"]
[EventCountry "GER"]
[EventRounds "9"]
[EventType "swiss"]
[EventDate "2017.06.03"]

1. Nf3 Nf6 2. c4 e6 3. g3 b6 4. Bg2 Bb7 5. O-O Be7 6. Nc3 O-O 7. d4 Ne4 8. Qc2
Nxc3 9. bxc3 f5 10. a4 Be4 11. Qb3 Nc6 12. Nd2 Na5 13. Qa2 Bxg2 14. Kxg2 Rc8
15. Ba3 Bxa3 16. Qxa3 c5 17. d5 Qf6 18. Rae1 exd5 19. cxd5 Qe5 20. e4 fxe4 21.
c4 Qd4 22. Qa2 Rce8 23. Re3 Rf7 24. Qc2 Ref8 25. Qc3 1/2-1/2

[Event "DEM U16 2017"]
[Site "Willingen GER"]
[Date "2017.06.10"]
[Round "9"]
[White "Nöldner, Julian"]
[Black "Köllner, Aaron Noah"]
[Result "1-0"]
[Termination "normal"]
[Board "14"]
[WhiteElo "1883"]
[BlackElo "1967"]
[WhiteClock "00:02:27"]
[BlackClock "00:37:01"]
[PlyCount "87"]
[WhiteFideId "16218744"]
[BlackFideId "12993085"]
[EventCountry "GER"]
[EventRounds "9"]
[EventType "swiss"]
[EventDate "2017.06.03"]

1. e4 {[%clk 1:30:03]} 1... d6 {[%clk 1:30:50]} 2. d4 {[%clk 1:30:22]} 2... Nf6
{[%clk 1:31:15]} 3. Nc3 {[%clk 1:30:47]} 3... e5 {[%clk 1:31:42]} 4. Nf3 {
[%clk 1:30:57]} 4... Nbd7 {[%clk 1:32:06]} 5. Bc4 {[%clk 1:31:17]} 5... Be7 {
[%clk 1:32:15]} 6. O-O {[%clk 1:31:30]} 6... c6 {[%clk 1:32:39]} 7. a4 { [%clk
1:31:46]} 7... Qc7 {[%clk 1:32:29]} 8. Re1 {[%clk 1:32:03]} 8... h6 { [%clk
1:32:48]} 9. h3 {[%clk 1:31:53]} 9... Nf8 {[%clk 1:32:42]} 10. Be3 { [%clk
1:29:14]} 10... Ng6 {[%clk 1:32:32]} 11. Qe2 {[%clk 1:28:47]} 11... O-O { [%clk
1:30:54]} 12. Ba2 {[%clk 1:28:56]} 12... Kh8 {[%clk 1:30:02]} 13. Rad1 { [%clk
0:49:57]} 13... Nh7 {[%clk 1:27:13]} 14. Rd2 {[%clk 0:46:01]} 14... f5 { [%clk
1:19:53]} 15. dxe5 {[%clk 0:43:02]} 15... dxe5 {[%clk 1:17:29]} 16. Qc4 { [%clk
0:32:01]} 16... fxe4 {[%clk 1:09:30]} 17. Nd5 {[%clk 0:31:22]} 17... Be6 {[%clk
0:52:59]} 18. Nxc7 {[%clk 0:25:35]} 18... Bxc4 {[%clk 0:53:24]} 19. Bxc4 {[%clk
0:25:37]} 19... exf3 {[%clk 0:53:31]} 20. Nxa8 {[%clk 0:25:52]} 20... Rxa8
{[%clk 0:53:37]} 21. Bd3 {[%clk 0:25:04]} 21... Nh4 {[%clk 0:53:11]} 22. Bxh7
{[%clk 0:20:43]} 22... Kxh7 {[%clk 0:53:05]} 23. Rd7 {[%clk 0:20:26]} 23...
Nxg2 {[%clk 0:51:26]} 24. Red1 {[%clk 0:20:47]} 24... Nxe3 { [%clk 0:47:19]}
25. fxe3 {[%clk 0:20:14]} 25... Bg5 {[%clk 0:45:31]} 26. Kf2 { [%clk 0:18:26]}
26... b5 {[%clk 0:45:57]} 27. Kxf3 {[%clk 0:15:01]} 27... bxa4 {[%clk 0:46:13]}
28. Rb7 {[%clk 0:13:42]} 28... Bf6 {[%clk 0:46:20]} 29. Ke4 { [%clk 0:13:44]}
29... a5 {[%clk 0:46:11]} 30. Kf5 {[%clk 0:06:45]} 30... Re8 { [%clk 0:40:11]}
31. e4 {[%clk 0:06:26]} 31... Ra8 {[%clk 0:38:14]} 32. Rdd7 { [%clk 0:03:46]}
32... h5 {[%clk 0:38:33]} 33. Rd2 {[%clk 0:01:55]} 33... Kh6 { [%clk 0:38:21]}
34. Rf7 {[%clk 0:01:25]} 34... Rb8 {[%clk 0:36:35]} 35. Rg2 { [%clk 0:01:18]}
35... Rxb2 {[%clk 0:35:01]} 36. Rg6+ {[%clk 0:00:33]} 36... Kh7 {[%clk
0:35:25]} 37. Rgxf6 {[%clk 0:01:00]} 37... a3 {[%clk 0:35:46]} 38. Rg6 { [%clk
0:01:13]} 38... Rxc2 {[%clk 0:35:55]} 39. Rgxg7+ {[%clk 0:00:57]} 39... Kh8
{[%clk 0:36:08]} 40. Kg6 {[%clk 0:01:05]} 40... Rg2+ {[%clk 0:35:54]} 41. Kh6
{[%clk 0:01:30]} 41... Rxg7 {[%clk 0:36:17]} 42. Rxg7 {[%clk 0:01:39]} 42... a2
{[%clk 0:36:45]} 43. Ra7 {[%clk 0:02:03]} 43... Kg8 {[%clk 0:37:01]} 44. Rxa5
{[%clk 0:02:27]} 1-0